000
00417nam a2200133Ia 4500
008
100328s9999 xx 000 0 und d
082
_b
9801
100
_a
नाडकर्णी सुरेश
245
_a
बंडू वयात येतो
260
_b
ना.ग.आठवले
630
_a
बंडू वयात येतो
730
_a
बंडू वयात येतो
942
_c
BOOK
999
_c
505396
_d
505393